Normal view
MARC view
- Tariq, Zayyad Bin
Entry Personal Name
001 - CONTROL NUMBER
- control field: 132993
003 - CONTROL NUMBER IDENTIFIER
- control field: NUST
005 - DATE AND TIME OF LATEST TRANSACTION
- control field: 20260130182955.0
008 - FIXED-LENGTH DATA ELEMENTS
- fixed length control field: 260130|| aca||aabn | a|a d
040 ## - CATALOGING SOURCE
- Original cataloging agency: NUST
- Transcribing agency: NUST
100 ## - HEADING--PERSONAL NAME
- Personal name: Tariq, Zayyad Bin
670 ## - SOURCE DATA FOUND
- Source citation: Work cat.: (NUST): Tariq, Zayyad Bin, Millimeter Wave Array Antenna for 5G Communication /, June, 2021
